Adult attitude towards population education (Record no. 130400)

MARC details
000 -LEADER
fixed length control field 00565nam a2200229Ia 4500
008 - FIXED-LENGTH DATA ELEMENTS--GENERAL INFORMATION
fixed length control field 210210b2007 xxu||||| |||| 00| 0 eng d
020 ## - INTERNATIONAL STANDARD BOOK NUMBER
International Standard Book Number 8171417256
041 ## - LANGUAGE CODE
Language code of text/sound track or separate title eng
082 ## - DEWEY DECIMAL CLASSIFICATION NUMBER
Classification number 304.6 MISA
100 ## - MAIN ENTRY--PERSONAL NAME
Personal name MISHRA (B C)
245 ## - TITLE STATEMENT
Title Adult attitude towards population education
260 ## - PUBLICATION, DISTRIBUTION, ETC.
Place of publication, distribution, etc. New Delhi
Name of publisher, distributor, etc. Discovery Publishing House
Date of publication, distribution, etc. 2007
300 ## - PHYSICAL DESCRIPTION
Extent vi,182
650 ## - SUBJECT ADDED ENTRY--TOPICAL TERM
Topical term or geographic name entry element towards
650 ## - SUBJECT ADDED ENTRY--TOPICAL TERM
Topical term or geographic name entry element population
650 ## - SUBJECT ADDED ENTRY--TOPICAL TERM
Topical term or geographic name entry element education
650 ## - SUBJECT ADDED ENTRY--TOPICAL TERM
Topical term or geographic name entry element attitude
650 ## - SUBJECT ADDED ENTRY--TOPICAL TERM
Topical term or geographic name entry element Adult
690 ## - LOCAL SUBJECT ADDED ENTRY--TOPICAL TERM (OCLC, RLIN)
Topical term or geographic name as entry element Population
700 ## - ADDED ENTRY--PERSONAL NAME
Personal name PATNAIK (Santilata)
906 ## - LOCAL DATA ELEMENT F, LDF (RLIN)
a 062874
Holdings
Withdrawn status Lost status Damaged status Not for loan Collection code Home library Current library Shelving location Date acquired Source of acquisition Cost, normal purchase price Total Checkouts Full call number Barcode Date last seen Price effective from Koha item type
          St Aloysius Library St Aloysius Library   02/17/2021 West Coast Paper and Stationers Mangalore-1 145.00   304.6 MISA 062874 02/17/2021 02/17/2021 Book